[Event "Titled Tuesday intern op 22nd Feb Early"]
[Site "Chess.com INT"]
[Date "2022.02.22"]
[Round "9"]
[White "Nakamura, Hikaru"]
[Black "Vokhidov, Shamsiddin"]
[Result "1-0"]
[WhiteElo "2736"]
[BlackElo "2536"]
[PlyCount "127"]
[EventDate "2022.02.22"]
[EventType "swiss (blitz)"]
[EventRounds "11"]
[EventCountry "USA"]
[SourceTitle "CBM 207 Extra"]
[Source "ChessBase"]
[SourceDate "2022.05.31"]
[SourceVersion "1"]
[SourceVersionDate "2022.05.31"]
[SourceQuality "1"]

1. Nf3 d5 2. b3 Nf6 3. Bb2 c6 4. e3 Bg4 5. d4 Nbd7 6. Nbd2 ({RR} 6. h3 Bh5 7. g4 Bg6 8. Ne5 e6 9. Bg2 Bb4+ 10. Kf1 O-O 11. f4 Be4 12. c3 Bxg2+ 13. Kxg2 Bd6 14. Nd2 Ne8 15. Qf3 f6 16. Nxd7 Qxd7 17. e4 Bc7 18. Rae1 b5 19. h4 a5 20. h5 h6 {Bettalli,F (2354)-Alvarado,C (2108) chess.com INT 2024 0-1 (56)}) 6... e6 7. Bd3 a5 8. a3 Bd6 $146 ({RR} 8... a4 9. c4 axb3 10. Qxb3 Qb6 11. Qc2 Be7 12. O-O Bh5 13. Rfb1 Bg6 14. Bxg6 hxg6 15. a4 Qc7 16. h3 O-O 17. Ba3 Bxa3 18. Rxa3 Ra7 19. a5 Rfa8 20. Nb3 Ne4 21. c5 e5 22. Nfd2 Ng5 23. dxe5 {Nakamura,H (2736)-Jobava,B (2588) Chess.com INT 2022 0-1 (46)}) 9. c4 O-O 10. Qc2 Bh5 11. Ne5 Bg6 12. Nxg6 hxg6 13. c5 Bc7 14. f4 b6 15. cxb6 Bxb6 16. Qxc6 Ng4 17. Ke2 Rc8 18. Qb5 Rb8 19. Qa4 Bc7 20. Rac1 Nb6 21. Qc6 Bd6 22. Nf3 Nc4 23. Bxc4 dxc4 24. Qxc4 Qb6 25. Nd2 Rfc8 26. Qd3 Qb7 27. Rxc8+ Rxc8 28. Nf3 Rb8 29. Rc1 Nxh2 30. Rc3 Nxf3 31. gxf3 Qe7 32. Qc2 Bxa3 33. Rc8+ Rxc8 34. Qxc8+ Kh7 35. Bc3 Bb4 36. Kd3 Bxc3 37. Qxc3 Qa7 38. Qc4 Qb7 39. e4 Qb8 40. Ke3 Qd8 41. d5 exd5 42. exd5 Qe7+ 43. Kd3 Qe1 44. Qc3 Qd1+ 45. Kc4 a4 46. b4 Qe2+ 47. Kc5 Qa6 48. Qa3 Qc8+ 49. Kd4 Qa6 50. Kc5 Qc8+ 51. Kb5 Qb7+ 52. Kc4 Qc7+ 53. Kd3 Qxf4 54. Qxa4 Qxf3+ 55. Kc4 g5 56. Qc2+ g6 57. Qd3 Qf4+ 58. Qd4 Qc1+ 59. Kb5 Qf1+ 60. Kb6 Qf5 61. Kc7 g4 62. d6 g3 63. d7 g2 64. d8=Q 1-0

[Event "Titled Tuesday intern op 22nd Feb Late"]
[Site "Chess.com INT"]
[Date "2022.02.22"]
[Round "3"]
[White "Jones, Gawain C B"]
[Black "Andreikin, Dmitry"]
[Result "1-0"]
[WhiteElo "2671"]
[BlackElo "2724"]
[PlyCount "79"]
[EventDate "2022.02.22"]
[EventType "swiss (blitz)"]
[EventRounds "11"]
[EventCountry "USA"]
[SourceTitle "CBM 207 Extra"]
[Source "ChessBase"]
[SourceDate "2022.05.31"]
[SourceVersion "1"]
[SourceVersionDate "2022.05.31"]
[SourceQuality "1"]

1. Nf3 Nf6 2. g3 d5 3. Bg2 c5 4. c4 d4 5. b4 Qc7 6. b5 e5 7. d3 Bd6 8. O-O O-O 9. Bg5 $146 ({RR} 9. a4 a5 10. Ra2 Bg4 11. e4 dxe3 12. Bxe3 Nbd7 13. Nc3 Rad8 14. h3 Bf5 15. g4 Bg6 16. Nh4 Nb6 17. Nxg6 hxg6 18. Qf3 Rd7 19. Rd1 Rfd8 20. Rc2 e4 21. dxe4 Nxc4 22. Bg5 Bh2+ 23. Kh1 Rxd1+ {Schoorl,R (2266)-Van den Doel,E (2583) Netherlands 2020 0-1 (100)}) 9... Nbd7 10. Bxf6 Nxf6 11. Nbd2 h6 12. a4 Bf5 13. a5 Qe7 14. a6 b6 15. Nh4 Bh7 16. Bxa8 Rxa8 17. f3 Nd7 18. Ne4 Bc7 19. Ng2 f5 20. Nf2 Nf6 21. e4 dxe3 22. Nxe3 Rd8 23. Qe2 Qf7 24. Ng2 Qh5 25. Rae1 Qg5 26. f4 exf4 27. Nh3 Qg4 28. Nhxf4 Qxe2 29. Rxe2 Rd7 30. Ne3 Bxf4 31. gxf4 Rxd3 32. Rd1 Rxd1+ 33. Nxd1 Kf7 34. Nc3 g6 35. Nd5 Ne4 36. Nxb6 Bg8 37. Nc8 Kf6 38. b6 Bxc4 39. Rxe4 Bxa6 40. bxa7 1-0

[Event "Titled Tuesday intern op 22nd Feb Late"]
[Site "Chess.com INT"]
[Date "2022.02.22"]
[Round "3"]
[White "Nakamura, Hikaru"]
[Black "Dreev, Alexey"]
[Result "1-0"]
[WhiteElo "2736"]
[BlackElo "2623"]
[PlyCount "49"]
[EventDate "2022.02.22"]
[EventType "swiss (blitz)"]
[EventRounds "11"]
[EventCountry "USA"]
[SourceTitle "CBM 207 Extra"]
[Source "ChessBase"]
[SourceDate "2022.05.31"]
[SourceVersion "1"]
[SourceVersionDate "2022.05.31"]
[SourceQuality "1"]

1. Nf3 Nf6 2. b3 g6 3. d4 Bg7 4. Bb2 O-O 5. e3 b6 6. Be2 Bb7 7. O-O e6 8. c4 d5 9. Nc3 Nbd7 10. cxd5 ({RR} 10. Ba3 Re8 11. Rc1 Rc8 12. c5 bxc5 13. dxc5 c6 14. b4 e5 15. Nd2 Nf8 16. Nb3 Ne6 17. Na5 Ba8 18. Qc2 e4 19. Nb3 h5 20. Rcd1 Qc7 21. Bb2 Rb8 22. a3 Bb7 23. Qc1 h4 24. Qa1 h3 {Nakamura,H (2760)-Oparin,G (2683) Chess.com INT 2022 1-0 (54)}) 10... Nxd5 11. Nxd5 Bxd5 12. Qc2 $146 ({RR} 12. Qd2 c5 13. Rfd1 Qe7 14. Rac1 Rfd8 15. dxc5 Nxc5 16. Bxg7 Kxg7 17. Qb2+ Qf6 18. Nd4 a5 19. f3 Rac8 20. Qa1 Bb7 21. Nb5 Ba6 22. Qxf6+ Kxf6 23. Nd4 Bxe2 24. Nxe2 Ke7 25. Kf1 f5 26. Nd4 e5 {Andreikin,D (2729)-Grischuk,A (2742) Chess.com INT 2022 1-0 (53)}) 12... Bb7 13. Rad1 Rc8 14. e4 Qe7 15. Rfe1 Rfd8 16. Bc4 Nf6 17. Ne5 a6 18. d5 b5 19. Bf1 exd5 20. exd5 Qf8 21. Nc6 Re8 22. Be5 Nxd5 23. Rxd5 Bxc6 24. Qxc6 Re6 25. Bxg7 1-0

[Event "Titled Tuesday intern op 22nd Feb Late"]
[Site "Chess.com INT"]
[Date "2022.02.22"]
[Round "7"]
[White "Jones, Gawain C B"]
[Black "Xiong, Jeffery"]
[Result "1-0"]
[WhiteElo "2671"]
[BlackElo "2686"]
[PlyCount "81"]
[EventDate "2022.02.22"]
[EventType "swiss (blitz)"]
[EventRounds "11"]
[EventCountry "USA"]
[SourceTitle "CBM 207 Extra"]
[Source "ChessBase"]
[SourceDate "2022.05.31"]
[SourceVersion "1"]
[SourceVersionDate "2022.05.31"]
[SourceQuality "1"]

1. Nf3 d5 2. g3 Nf6 3. Bg2 c5 4. c4 d4 5. b4 cxb4 6. a3 b3 7. O-O Nc6 8. Qxb3 e5 9. d3 Be7 10. Bg5 Nd7 11. Bxe7 Qxe7 12. Nbd2 $146 ({RR} 12. a4 a5 13. e3 O-O 14. exd4 exd4 15. Nbd2 Nc5 16. Qa3 Nb4 17. Nxd4 Qf6 18. Nb5 Nbxd3 19. Ne4 Qb6 20. Rad1 Bg4 21. Rxd3 Nxd3 22. Qxd3 Rad8 23. Qc3 h5 24. c5 Qg6 25. Ned6 b6 26. cxb6 Rxd6 {Petrosian,S (2355)-Langheinrich,F (2325) Germany 1999 1-0}) 12... Nc5 13. Qc2 O-O 14. Nb3 Ne6 15. Rfe1 Rd8 16. e3 dxe3 17. Rxe3 Qc7 18. Rae1 f6 19. Qb2 a5 20. d4 a4 21. dxe5 axb3 22. exf6 gxf6 23. Rxe6 Bxe6 24. Rxe6 Rd1+ 25. Bf1 Qd7 26. Re3 Qh3 27. Ne1 Qf5 28. Qxb3 Rb1 29. Qc3 Ne5 30. Kg2 Rd8 31. Nf3 Ng4 32. Rd3 Re8 33. Rd5 Qe6 34. Bd3 Qb6 35. Bxb1 Qxf2+ 36. Kh3 Ne3 37. Qxf6 Qf1+ 38. Kh4 Nxd5 39. Bxh7+ Kxh7 40. Ng5+ Kg8 41. Qxf1 1-0

[Event "Titled Tuesday intern op 22nd Feb Late"]
[Site "Chess.com INT"]
[Date "2022.02.22"]
[Round "8"]
[White "Nakamura, Hikaru"]
[Black "Martirosyan, Haik M"]
[Result "1-0"]
[WhiteElo "2736"]
[BlackElo "2633"]
[PlyCount "79"]
[EventDate "2022.02.22"]
[EventType "swiss (blitz)"]
[EventRounds "11"]
[EventCountry "USA"]
[SourceTitle "CBM 207 Extra"]
[Source "ChessBase"]
[SourceDate "2022.05.31"]
[SourceVersion "1"]
[SourceVersionDate "2022.05.31"]
[SourceQuality "1"]

1. Nf3 Nf6 2. b3 d5 3. Bb2 Bf5 4. g3 e6 5. d3 h6 6. Nbd2 Bh7 7. Bg2 Be7 8. O-O O-O 9. Re1 a5 10. a3 c6 11. e4 Nbd7 12. Qe2 b5 ({RR} 12... Qb6 13. a4 Rfc8 14. Rac1 Bc5 15. e5 Ne8 16. Nf1 Qd8 17. Ne3 Nc7 18. Kh1 b5 19. Nd4 bxa4 20. bxa4 Nb6 21. Ra1 Na6 22. Nb3 Be7 23. f4 Qd7 24. f5 exf5 25. Qf3 Nc5 26. Nxc5 Bxc5 27. d4 {Caruana,F (2792)-Giri,A (2772) Wijk aan Zee 2022 0-1 (51)}) ({RR} 12... Qb6 13. Rab1 Rfd8 14. h3 Qa6 15. e5 Ne8 16. Bf1 Nc7 17. Qe3 b5 18. Qf4 c5 19. a4 b4 20. Rbc1 Nb8 21. h4 Nc6 22. Nh2 Qa7 23. Ng4 Bf8 24. Nf3 Rd7 25. h5 Rad8 26. Ne3 c4 27. bxc4 {Nakamura,H (2736)-Ding,L (2791) chess24.com INT 2020 0-1 (59)}) 13. Nd4 Qb6 14. a4 $146 ({RR} 14. c4 Bc5 15. Nc2 bxc4 16. dxc4 d4 17. Rf1 Ne5 18. Ne1 Nfg4 19. Nd3 Nxd3 20. Qxd3 Ne5 21. Qb1 Rad8 22. h3 Nd7 23. Qd3 e5 24. f4 f5 25. Rae1 Rde8 26. Kh1 Qc7 27. Qe2 Bd6 28. c5 Bxc5 {Toth,N (1866)-Blanquet,C (2028) Mamaia 2022 0-1 (40)}) ({RR} 14. Kh1 Bc5 15. N2f3 e5 16. Nf5 Bxf5 17. exf5 Bxf2 18. Rf1 Bc5 19. Nxe5 Nxe5 20. Qxe5 Rfe8 21. Qf4 Qb8 22. Qh4 Be7 23. Rae1 Qc7 24. g4 Nh7 25. Qf2 Bf6 26. Bc1 Bc3 27. Re2 Qd7 28. Bf4 Rxe2 {Jumabayev,R (2549)-Pajcin,L (2243) chess.com INT 2025 1-0 (56)}) 14... Bc5 15. N4f3 dxe4 16. dxe4 Rfd8 17. h3 Bb4 18. Red1 Qc7 19. axb5 cxb5 20. Nd4 e5 21. c3 exd4 22. cxb4 Ne5 23. Qxb5 Rab8 24. Qxa5 Qe7 25. Qc5 Qe6 26. Bxd4 Nd3 27. Qc3 Nxb4 28. Bxf6 gxf6 29. Nc4 Nc6 30. Rxd8+ Rxd8 31. Ne3 Nd4 32. Qc4 Qxc4 33. bxc4 Ne2+ 34. Kh2 Kg7 35. g4 Nc3 36. f3 Rd3 37. Nd5 Ne2 38. Bf1 Rd2 39. Bxe2 Rxe2+ 40. Kg3 1-0

[Event "Titled Tuesday intern op 22nd Feb Late"]
[Site "Chess.com INT"]
[Date "2022.02.22"]
[Round "10"]
[White "Svane, Rasmus"]
[Black "Andreikin, Dmitry"]
[Result "1-0"]
[WhiteElo "2637"]
[BlackElo "2724"]
[PlyCount "67"]
[EventDate "2022.02.22"]
[EventType "swiss (blitz)"]
[EventRounds "11"]
[EventCountry "USA"]
[SourceTitle "CBM 207 Extra"]
[Source "ChessBase"]
[SourceDate "2022.05.31"]
[SourceVersion "1"]
[SourceVersionDate "2022.05.31"]
[SourceQuality "1"]

1. Nf3 Nf6 2. g3 d5 3. Bg2 h5 4. c4 ({RR} 4. d4 Bf5 5. c4 e6 6. Nc3 Nc6 7. Ne5 Nb4 8. O-O c6 9. a3 Na6 10. Qa4 Nc7 11. Bf4 Bd6 12. f3 h4 13. e4 h3 14. Bh1 Bh7 15. Nxc6 bxc6 16. Qxc6+ Ke7 17. e5 Nce8 18. Nb5 dxc4 {Mosadeghpour,M (2419)-Napone,E (1930) Muscat OMA 2024 1-0 (48)}) ({RR} 4. O-O h4 5. c4 hxg3 6. fxg3 Bh3 7. Qb3 Bxg2 8. Kxg2 Qc8 9. cxd5 Qh3+ 10. Kg1 Nbd7 11. d4 Ng4 12. Qxb7 Rb8 13. Qxc7 Nxh2 14. Nbd2 Nxf1 15. Nxf1 g6 16. Bf4 Bg7 17. d6 O-O 18. dxe7 Rfe8 {Mickiewicz,P (2331)-Andreikin,D (2724) Chess.com INT 2021 0-1 (43)}) 4... d4 5. d3 $146 ({RR} 5. b4 Bg4 6. h3 Bxf3 7. Bxf3 c6 8. d3 e5 9. a3 Qd7 10. Bg5 Be7 11. Nd2 Na6 12. Nb3 Nc7 13. Bxf6 Bxf6 14. Nc5 Qc8 15. b5 O-O 16. bxc6 bxc6 17. Bxc6 Ne6 18. Bxa8 Qxa8 19. Ne4 Be7 {Jacobson,B (2524)-Liang,A (2613) Chess.com INT 2022 0-1 (33)}) 5... h4 6. Nxh4 Nc6 7. Nf3 Bh3 8. Bxh3 Rxh3 9. b4 Nxb4 10. Qa4+ Nc6 11. Bb2 e5 12. Nxe5 Bb4+ 13. Kf1 Qd6 14. Nxc6 bxc6 15. Kg2 Rh5 16. a3 Ba5 17. Qd1 c5 18. e4 dxe3 19. fxe3 Qe6 20. Bxf6 Qh3+ 21. Kg1 gxf6 22. Qa4+ Kf8 23. Qxa5 Rb8 24. Qd2 Rf5 25. Nc3 Rf3 26. Nd5 f5 27. Nf4 Rxg3+ 28. hxg3 Qxg3+ 29. Ng2 f4 30. Qf2 Qg7 31. Rf1 fxe3 32. Qxe3 Rb2 33. Rh2 Ra2 34. Qxc5+ 1-0

[Event "Titled Tuesday intern op 22nd Feb Late"]
[Site "Chess.com INT"]
[Date "2022.02.22"]
[Round "11"]
[White "Jobava, Baadur"]
[Black "Indjic, Aleksandar"]
[Result "1-0"]
[WhiteElo "2588"]
[BlackElo "2604"]
[PlyCount "169"]
[EventDate "2022.02.22"]
[EventType "swiss (blitz)"]
[EventRounds "11"]
[EventCountry "USA"]
[SourceTitle "CBM 207 Extra"]
[Source "ChessBase"]
[SourceDate "2022.05.31"]
[SourceVersion "1"]
[SourceVersionDate "2022.05.31"]
[SourceQuality "1"]

1. b3 d5 2. Bb2 Nf6 3. e3 Bf5 4. Nf3 h6 5. Bd3 Bxd3 ({RR} 5... e6 6. Bxf5 exf5 7. Qe2 Be7 8. Qb5+ Nc6 9. Nd4 a6 10. Qxb7 Nxd4 11. Bxd4 O-O 12. Nc3 Qd7 13. Bxf6 Bxf6 14. Rd1 Rfd8 15. Qb4 d4 16. Ne2 Qc6 17. O-O Qxc2 18. Ng3 Qxa2 19. Nxf5 Rab8 20. Qc5 {Aravindh,C (2731)-Smirnov,M (2336) chess.com INT 2025 0-1 (33)}) 6. cxd3 e6 7. O-O Nbd7 8. Qe2 $146 ({RR} 8. d4 Be7 9. d3 O-O 10. Qe2 a5 11. Nc3 c6 12. Ne5 Qb6 13. Rac1 Nxe5 14. dxe5 Nd7 15. d4 Qa6 16. Qg4 Nb6 17. a4 Bb4 18. Rfd1 Nc8 19. Ne2 Ne7 20. Ng3 b5 21. Nh5 Ng6 22. h4 bxa4 {Hansen,E (2609)-Andreikin,D (2729) chess.com INT 2023 0-1 (39)}) 8... Be7 9. Rc1 O-O 10. d4 a5 11. Nc3 c6 12. d3 Re8 13. h3 Bd6 14. Qd1 Qb8 15. Na4 Be7 16. Ne5 Nxe5 17. dxe5 Nd7 18. d4 f6 19. exf6 Nxf6 20. Nc5 Bd6 21. Nd3 Qc7 22. a4 Qe7 23. Bc3 Ne4 24. Be1 e5 25. dxe5 Bxe5 26. Nxe5 Qxe5 27. Ra2 Re6 28. f3 Nd6 29. Bf2 Rae8 30. Qd2 Qg5 31. Re1 Rg6 32. g4 h5 33. Bg3 hxg4 34. hxg4 Ne4 35. fxe4 Qxg4 36. Qh2 Qxg3+ 37. Qxg3 Rxg3+ 38. Kf2 Rh3 39. Kg2 Rh5 40. exd5 Rxd5 41. Rb2 Re4 42. Kf3 Rb4 43. Rg1 Rd3 44. Rbg2 Rd7 45. Rb1 Re7 46. Ke2 Rd7 47. Rg5 b5 48. axb5 cxb5 49. Ra1 Ra7 50. Ra3 Kf7 51. Rc5 Kg6 52. Kd3 Kh6 53. Kc3 g5 54. Rxa5 Rxb3+ 55. Kxb3 Rxa5 56. Kb4 Ra4+ 57. Kxb5 Re4 58. Rc3 g4 59. Kc5 g3 60. Kd5 g2 61. Kxe4 g1=Q 62. Rc5 Kg6 63. Rd5 Kf6 64. Rd4 Qg2+ 65. Kd3 Ke5 66. Rf4 Qd5+ 67. Rd4 Qg2 68. Rf4 Qb2 69. Rd4 Qb1+ 70. Kd2 Qf1 71. Rf4 Qb5 72. Rd4 Qb2+ 73. Ke1 Kf5 74. Kf1 Ke6 75. Ke1 Ke5 76. Kf1 Qc2 77. Ke1 Kf5 78. Rf4+ Ke6 79. Rd4 Ke5 80. Kf1 Qh2 81. Ke1 Qg3+ 82. Kd2 Qf2+ 83. Kd3 Qf1+ 84. Kd2 Qf2+ 85. Kd3 1-0

[Event "Kragero op"]
[Site "Kragero"]
[Date "2022.02.25"]
[Round "6"]
[White "Sanal, Vahap"]
[Black "Lie, Kjetil A"]
[Result "1-0"]
[WhiteElo "2601"]
[BlackElo "2520"]
[PlyCount "61"]
[EventDate "2022.02.23"]
[EventType "swiss"]
[EventRounds "9"]
[EventCountry "NOR"]
[SourceTitle "CBM 207 Extra"]
[Source "ChessBase"]
[SourceDate "2022.05.31"]
[SourceVersion "1"]
[SourceVersionDate "2022.05.31"]
[SourceQuality "1"]

1. Nf3 d5 2. b3 Bf5 3. Bb2 e6 4. g3 Nd7 5. Bg2 h6 6. O-O Ngf6 7. d3 c6 8. Nbd2 Bc5 9. e4 dxe4 10. dxe4 Bxe4 11. Nxe4 Nxe4 12. Bxg7 Rg8 13. Bxh6 Qb6 $146 ({RR} 13... Qf6 14. Be3 O-O-O 15. Bxc5 Ndxc5 16. Qe2 Nc3 17. Qe3 N5e4 18. Rfe1 Kb8 19. a4 Rd6 20. Ne5 Qxe5 21. Bxe4 Rgd8 22. Bd3 Qxe3 23. Rxe3 Nd5 24. Rf3 f5 25. Re1 Nb4 26. Ree3 Kc7 27. h4 a5 28. Bc4 {Kubo,T (2002)-Kurr,G (2190) Germany 2015 1-0 (52)}) 14. Qe2 Nd6 15. Bg5 Nf5 16. Rad1 Be7 17. Bxe7 Nxe7 18. Nd2 Nd5 19. Ne4 N7f6 20. c4 Nxe4 21. Qxe4 Ne7 22. Qe5 Rd8 23. Rfe1 Ng6 24. Qf6 Qc7 25. b4 Qe7 26. Qc3 Qg5 27. b5 Qc5 28. Rxd8+ Kxd8 29. Qf6+ Ke8 30. bxc6 bxc6 31. Rb1 1-0

[Event "Chess.com Rapid Wk3 KO"]
[Site "Chess.com INT"]
[Date "2022.02.27"]
[Round "1.1"]
[White "Nakamura, Hikaru"]
[Black "Le, Quang Liem"]
[Result "1-0"]
[WhiteElo "2736"]
[BlackElo "2709"]
[PlyCount "73"]
[EventDate "2022.02.27"]
[EventType "k.o. (rapid)"]
[EventRounds "3"]
[EventCountry "USA"]
[SourceTitle "CBM 207 Extra"]
[Source "ChessBase"]
[SourceDate "2022.05.31"]
[SourceVersion "1"]
[SourceVersionDate "2022.05.31"]
[SourceQuality "1"]

1. Nf3 d5 2. b3 Bg4 3. e3 e6 4. Bb2 Nf6 5. d3 ({RR} 5. d4 Nbd7 6. Be2 Bd6 7. Nbd2 O-O 8. O-O c6 9. Ne5 Bf5 10. Ndf3 Ne4 11. Nxd7 Qxd7 12. Ne5 Qc7 13. f3 Nf6 14. Bd3 a5 15. Qe2 Bxd3 16. Qxd3 a4 17. c4 Rfd8 18. f4 Ne4 19. Rfc1 Qe7 {Ayushh,R (1953)-Le Tuan Minh (2564) chess.com INT 2024 0-1 (45)}) 5... a5 ({RR} 5... h6 6. Nbd2 Be7 7. h3 Bh5 8. g3 O-O 9. Bg2 a5 10. a3 a4 11. b4 c5 12. bxc5 Bxc5 13. O-O Nc6 14. d4 Be7 15. c4 Qa5 16. Qb1 Bg6 17. Qa2 Ne4 18. cxd5 exd5 19. Nxe4 Bxe4 20. Rfc1 {Nakamura,H (2766)-Le,Q (2709) Chess.com INT 2022 1-0 (71)}) 6. a3 a4 $146 ({RR} 6... Nbd7 7. Nbd2 Bd6 8. h3 Bxf3 9. Nxf3 O-O 10. Be2 c6 11. O-O Qe7 12. c4 Rfd8 13. Qc2 Nf8 14. e4 dxe4 15. dxe4 e5 16. c5 Bxc5 17. Nxe5 Bd4 18. Bxd4 Rxd4 19. Nf3 Rxe4 20. Bd3 Re6 21. Bc4 {Topalov,V (2793)-Aronian,L (2813) Stavanger 2013 0-1 (33)}) 7. b4 c5 8. bxc5 Bxc5 9. Nbd2 Nc6 10. d4 Be7 11. c4 O-O 12. cxd5 exd5 13. Bd3 Qa5 14. O-O b5 15. Qb1 b4 16. Ne5 Nxe5 17. dxe5 bxa3 18. exf6 axb2 19. fxe7 Rfb8 20. e8=Q+ Rxe8 21. Qxb2 a3 22. Qd4 Be6 23. Nb3 Qc7 24. Rfc1 Qd6 25. Bb1 Reb8 26. Ba2 h6 27. Qc5 Qe5 28. Nd4 Rb2 29. Bb3 Qf6 30. Rf1 g6 31. Nxe6 fxe6 32. Bxd5 Rd8 33. Qd4 Qe7 34. Bxe6+ Kh7 35. Bd5 Rb4 36. Qd3 Rh4 37. e4 1-0

[Event "Chess.com Rapid Wk3 Swiss"]
[Site "Chess.com INT"]
[Date "2022.02.27"]
[Round "2"]
[White "Jones, Gawain C B"]
[Black "Hakobyan, Aram"]
[Result "1-0"]
[WhiteElo "2671"]
[BlackElo "2601"]
[PlyCount "107"]
[EventDate "2022.02.27"]
[EventType "swiss (rapid)"]
[EventRounds "9"]
[EventCountry "USA"]
[SourceTitle "CBM 207 Extra"]
[Source "ChessBase"]
[SourceDate "2022.05.31"]
[SourceVersion "1"]
[SourceVersionDate "2022.05.31"]
[SourceQuality "1"]

1. Nf3 d5 2. g3 Nf6 3. Bg2 e6 4. O-O Be7 5. d3 O-O 6. Nbd2 Nc6 7. e4 dxe4 8. dxe4 e5 9. Nc4 Qxd1 10. Rxd1 Bg4 ({RR} 10... Nxe4 11. Nfxe5 Nxe5 12. Nxe5 Nf6 13. Nc4 c6 14. c3 Nd5 15. Bxd5 cxd5 16. Ne3 Bc5 17. Nxd5 Bg4 18. Re1 Rfd8 19. c4 Bf3 20. Bg5 Rd7 21. Be3 Bf8 22. a4 h6 23. Rac1 b6 24. Bd2 Bxd5 25. cxd5 {Giri,A (2798)-Aronian,L (2784) Skopje 2015 ½-½ (40)}) ({RR} 10... Nxe4 11. Nfxe5 Nxe5 12. Nxe5 Nd6 13. Be3 Bf5 14. c3 Rfd8 15. a4 a5 16. h4 f6 17. Nf3 Nc4 18. Nd4 Bc8 19. Bf4 c6 20. Bf1 Ne5 21. Bxe5 fxe5 22. Bc4+ Kf8 23. Nc2 Bg4 24. Rxd8+ Rxd8 25. Ne3 {Fiorito,F (2431)-Cavalcante,A (2002) chess.com INT 2025 ½-½ (48)}) 11. h3 Bxf3 12. Bxf3 Nd4 13. Kg2 $146 ({RR} 13. Nxe5 Nxf3+ 14. Nxf3 Rfe8 15. e5 Ne4 16. Be3 Nc5 17. Bxc5 Bxc5 18. Rd7 Bb6 19. Rad1 h6 20. Re1 Re6 21. Nd4 Bxd4 22. Rxd4 Rae8 23. Rd7 R8e7 24. Rxe7 Rxe7 25. f4 f6 26. Kf2 Kf7 27. Kf3 g5 {Varas Campillay,C-Munoz Robledo,M (1533) Antofagasta 2016 1-0 (36)}) 13... Nxc2 14. Rb1 Rad8 15. Nxe5 Nd4 16. Be3 Nxf3 17. Kxf3 c5 18. a4 Rfe8 19. Nc4 Bf8 20. e5 Nd5 21. Bg5 f6 22. exf6 gxf6 23. Be3 b6 24. Rd2 Nxe3 25. Rxd8 Rxd8 26. Nxe3 Kf7 27. b3 a6 28. Ke2 Ke6 29. Rc1 b5 30. Ra1 Bd6 31. axb5 axb5 32. Ra5 Rb8 33. Kd3 h5 34. Ra6 Kd7 35. Nf5 Be5 36. f4 Bb2 37. Ra2 Ke6 38. Ke4 Rd8 39. Rxb2 Rd1 40. Ng7+ Kf7 41. Nxh5 Rd4+ 42. Ke3 Rb4 43. g4 c4 44. Kd4 cxb3+ 45. Kc3 Rc4+ 46. Kxb3 Kg6 47. Re2 Rc6 48. Ng3 Rc4 49. Re4 Rc1 50. Re7 b4 51. Nf5 Rc3+ 52. Kb2 Rc2+ 53. Kxc2 b3+ 54. Kb1 1-0

[Event "Chess.com Rapid Wk3 Swiss"]
[Site "Chess.com INT"]
[Date "2022.02.27"]
[Round "2"]
[White "Nakamura, Hikaru"]
[Black "Vidit, Santosh Gujrathi"]
[Result "1-0"]
[WhiteElo "2736"]
[BlackElo "2727"]
[PlyCount "85"]
[EventDate "2022.02.27"]
[EventType "swiss (rapid)"]
[EventRounds "9"]
[EventCountry "USA"]
[SourceTitle "CBM 207 Extra"]
[Source "ChessBase"]
[SourceDate "2022.05.31"]
[SourceVersion "1"]
[SourceVersionDate "2022.05.31"]
[SourceQuality "1"]

1. Nf3 d5 2. b3 Nf6 3. Bb2 Bf5 4. d3 h6 5. g3 e6 6. Bg2 Be7 7. O-O O-O 8. Ne5 ({RR} 8. Nc3 Bh7 9. e4 Nc6 10. exd5 exd5 11. Re1 Re8 12. a3 a5 13. Qd2 Bc5 14. Nb5 Bb6 15. Rxe8+ Nxe8 16. Re1 Nd6 17. a4 Qd7 18. Nbd4 Nxd4 19. Bxd4 Bxd4 20. Nxd4 c6 21. Qc3 Bf5 22. Qc5 Bg4 {Theodorou,N (2612)-Atanasov,A (2423) chess.com INT 2025 1-0 (36)}) 8... Nbd7 9. Nxd7 ({RR} 9. Nd2 Nxe5 10. Bxe5 Bh7 11. Bb2 a5 12. a3 c5 13. c4 a4 14. bxa4 Qa5 15. Rb1 Rfd8 16. Bxf6 Bxf6 17. cxd5 exd5 18. Rb5 Qc7 19. Qb3 Qe5 20. Bf3 Bg5 21. Rd1 Rac8 22. h4 Bxd2 23. Rxd2 Bf5 {Nakamura,H (2749)-Lintchevski,D (2517) Chess.com INT 2019 ½-½ (74)}) 9... Qxd7 ({RR} 9... Nxd7 10. e4 dxe4 11. dxe4 Bh7 12. Qe2 c6 13. Rd1 Qc7 14. Nd2 Bf6 15. Bxf6 Nxf6 16. Nc4 Rad8 17. a4 Bg6 18. Bf3 b5 19. Nb2 Rxd1+ 20. Rxd1 bxa4 21. Nxa4 Qe5 22. Qe3 Nxe4 23. h4 a5 24. Re1 {So,W (2769)-Sanal,V (2591) chess.com INT 2023 ½-½ (50)}) 10. Nd2 Bh7 $146 ({RR} 10... Rad8 11. a4 c5 12. Nf3 Qc7 13. Re1 d4 14. e4 dxe3 15. fxe3 Bg4 16. Qc1 Bh5 17. Ne5 Nd7 18. Nxd7 Rxd7 19. e4 Bg5 20. Qb1 Bd2 21. Rf1 Be2 22. Rf2 Be3 23. Qe1 Bxf2+ 24. Qxf2 Bh5 25. Rf1 {Maltsevskaya,A (2272)-Yanchenko,R (2467) Chess.com INT 2020 0-1 (45)}) 11. e3 a5 12. a4 c6 13. Qe2 Rfd8 14. Rfd1 Qc7 15. e4 b5 16. h3 Rac8 17. Kh2 b4 18. Rac1 c5 19. c4 bxc3 20. Bxc3 Qb6 21. Qe1 Qa6 22. Bf1 Qa8 23. Bg2 Qa6 24. f4 Rb8 25. f5 exf5 26. exd5 Bf8 27. Be5 Rb4 28. Bc3 Rbb8 29. Nc4 Nxd5 30. Bxa5 Re8 31. Qf2 Nb4 32. Bxb4 Rxb4 33. Re1 Reb8 34. Ne5 Rxb3 35. Bd5 Rb2 36. Rc2 Rxc2 37. Bxf7+ Kh8 38. Qxc2 Bd6 39. Bc4 Qa5 40. Nf7+ Kg8 41. Nxd6+ Kf8 42. Qe2 Bg6 43. Qe7# 1-0